| 000 | 01032nam a2200289Ia 4500 | ||
|---|---|---|---|
| 001 | Para_874 | ||
| 003 | CHAP | ||
| 008 | 220125s1986 xx 000 0 und d | ||
| 010 | _a198868 | ||
| 040 | _cCHAP | ||
| 090 | _aPA TESIS 845 | ||
| 100 |
_aGonzález García, Sofia Guadalupe _948937 |
||
| 245 |
_aEvaluación de cinco tecnicas de inoculación de Fusarium moniliforme (Sheld) Snyder y Hansen causante de la pudrición de la mazorca y germinado prematuro del maíz / _c por Sofia Guadalupe González García |
||
| 260 |
_aChapingo, Méx. : _b El autor |
||
| 300 | _a63 h. | ||
| 502 | _aTesis (Ing. Agr. Esp. en Parasitología Agrícola ) UACh. Depto. Parasitología | ||
| 650 |
_aFusarium moniliforme _944091 |
||
| 650 |
_aMaíz _x Enfermedades _970939 |
||
| 710 |
_aUACh. Departamento Parasitología Agrícola _9164025 |
||
| 901 | _aPA TESIS 845 | ||
| 902 | _aM | ||
| 905 | _a0000001986 a 0000000000 00 | ||
| 910 | _a1986 | ||
| 942 | _cPARA | ||
| 942 |
_cPARA _d1 |
||
| 999 |
_c198868 _d198868 |
||